| 000 | 01265nam a22002777a 4500 | ||
|---|---|---|---|
| 005 | 20240530110431.0 | ||
| 008 | 150401s2011 ua c a 000 f ara d | ||
| 017 |
_a201015411 _bمصر . دار الكتب المصرية |
||
| 020 | _a9789774556316 | ||
| 040 | _aEG-CaGPL | ||
| 082 | 0 | 4 |
_221 _a809.931 _bط/د ر |
| 100 | 0 |
_aمالام ؛ جون _qجون مالام |
|
| 245 | 1 | 0 |
_aجاسون وسفينة الرجون / _cتاليف جون مالام ؛ رسوم دافيد انترام ؛ ترجمة قسم الترجمة بدار الفاروق للاستثمارات الثقافية |
| 250 | _aط1 | ||
| 260 |
_aالقاهرة : _bدار الفاروق للاستثمارات الثقافية ، _c2011 |
||
| 300 |
_a32 ص : _bصور لو ؛ _c22 سم |
||
| 490 | 0 | _aروائع الفلكلور العالمى | |
| 650 | 0 | 4 |
_aالادب والفلكلور _xقصص الاطفال |
| 650 | 0 | 4 |
_aالادب العالمى _xقصص الاطفال |
| 650 | 0 | 4 | _aالقصص العالمية |
| 650 | 0 | 4 | _aالاساطير |
| 700 | 1 |
_aانترام ، دافيد _eرسام |
|
| 710 | 2 |
_aقسم الترجمة بدار الفاروق للاستثمارات الثقافية _eمترجم |
|
| 942 |
_2ddc _cBK |
||
| 999 |
_c60851 _d60851 |
||